000 00770nam a22002297a 4500
003 OSt
005 20241009162738.0
008 241009b |||||||| |||| 00| 0 eng d
020 _a9789585677708 (obra completa)
020 _a9789585677715 (Tomo I)
037 _bDonación
040 _aCO-JMCR
_bspa
_cCO-JMCR
_dCO-JMCR
_erda
041 0 _aspa
082 0 4 _223
_a346.013
_bG63j
100 1 _aGómez Vargas, John Harold,
_eCompilador
_943876
245 1 0 _aLegislación indígena colombiana Tomo I :
_bCompilación de normas y extractos de sentencias /
_cJohn Harold Gómez Vargas
250 _a1ª Edición
260 _aBogotá, D.C. :
_bAnas Wayuu EPSI
_c2021
300 _a652 páginas :
_c22 cm.
504 _aIncluye referencias bibliográficas
942 _2ddc
_cBK
999 _c30848
_d17232